Responses for Show #5693 - Wednesday, May 13, 2009

2009 College Championship semifinal game 3.

Contestants

[<< previous game]

Mark Petterson, a senior from the University of Kansas

Erica Greil, a junior from Princeton University

Patrick Tucker, a senior from the University of Notre Dame

[next game >>]

Jeopardy! Round responses

STAYING AT HOME
THE WORLD COMES TO YOU
WHAT'S ON TV?
CHECK THE NEWSPAPER
TAKE OUT THE TRASH
TIME FOR A "NAP"
    $200 21
Scotland

Mark
    $200 6
(Patrick: What is the North Pole?)
...
(Alex: Yes, the North Pole, a little less.)

the South Pole

PatrickErica
    $200 1
Lost

Erica
    $200 30
USA Today

Patrick
    $200 16
toothpaste

Erica
    $200 7
a snapshot

Patrick
    $400 22
Oahu

Erica
    $400 12
Rio de Janiero

Patrick
    $400 2
Fringe

Patrick
    $1,400 29
The Wall Street Journal

Mark
    $400 17
Sprite

Patrick
    $400 8
the nape

Patrick
    $600 23
Carry Nation

Mark
    $600 13
Lhasa

Patrick
    $600 3
Life on Mars

Patrick
    $600 26
the Free Press

Patrick
    $600 18
(Erica: Is it [*]?)
(Alex: It is [*], and you phrased it correctly.)

The Gap

Erica
    $600 9
napalm

Erica
    $800 24
Blair House

Patrick
    $800 14
the Urals

Mark
    $800 4
The Mentalist

Mark
    $800 27
the Tribune

Patrick
    $800 19
the Grand Canyon

Patrick
    $800 10
inappropriate

Triple Stumper
    $1000 25
the Vanderbilts

Erica
    $1000 15
the Strait of Magellan

Erica
    $1000 5
(Patrick: What is Pushing Daisies?)

Eleventh Hour

Patrick
Triple Stumper
    $1000 28
The Christian Science Monitor

Mark
    $1000 20
mold

Erica
    $1000 11
a synapse

Erica

Scores at the first commercial break (after clue 15):

Patrick Erica Mark
$1,400 $3,000 $1,600

Scores at the end of the Jeopardy! Round:

Patrick Erica Mark
$5,000 $6,200 $4,800

Double Jeopardy! Round responses

SCIENTISTS
WOMEN ON MY INFINITE PLAYLIST
KINGS OF LEON
LITERARY SETTINGS
WOMEN IN GOVERNMENT
OOO, 3 "O"s
    $400 11
(Michael) Faraday

Patrick
    $400 2
Britney Spears

Patrick
    $400 17
Portugal

Erica
    $400 1
Harlem

Erica
    $400 3
Hillary Clinton

Patrick
    $400 18
the neighborhood

Mark
    $800 26
(Niels) Bohr

Patrick
    $800 7
Fergie

Erica
    $800 23
"The Brave"

Mark
    $800 13
(Patrick: What is Mississippi?)

Alabama

PatrickMark
    $800 4
Barbara Boxer (or Dianne Feinstein)

Patrick
    $800 19
a monopoly

Erica
    $1,000 27
(Patrick: Let's make this... a $1,000 bet.)
(Alex: [Laughs] Oh, you just lured us in there. You were about to say, maybe, "a True Daily Double", but for $1,000, here is the clue...)

(Ivan) Pavlov

Patrick
    $1200 8
Pink

Erica
    $1200 24
El Cid

Patrick
    $1200 14
The Sun Also Rises

Patrick
    $1200 5
Sarah Palin

Mark
    $1200 20
propositions

Erica
    $1600 28
Tesla

Mark
    $1600 9
[Erica is singing along and moving to the beat.]
(Alex: Erica was enjoying the song more than you, though, I think. Maybe that kept her from ringing in first.)

Katy Perry

Mark
    $1600 25
the Pantheon

Triple Stumper
    $1600 15
(Erica: What is Namibia?)

Botswana

Erica
Triple Stumper
    $1600 6
Hartford

Erica
    $1600 21
(Mark: What is the cottonwood?)

dogwood

Mark
Triple Stumper
    $2000 29
(Erica: What is algae?)
(Mark: What is an eel?)

a jellyfish

EricaMark
Triple Stumper
    $2000 10
India.Arie

Triple Stumper
    $2000 30
England

Triple Stumper
    $2000 16
Wessex

Mark
    $3,000 12
(Patrick: I will bid $3,000.)
(Alex: All right. Did you say "I will bid"?)
(Patrick: Bet.)
(Alex: Okay. Yes, this is not an auction.)
(Patrick: Yeah.)
(Alex: You need to come up with a correct response in order to earn the money.)
...
(Alex: [*], yes. Transportation and Labor Secretary.)

(Elizabeth) Dole

Patrick
    $2000 22
notorious

Mark

Scores at the end of the Double Jeopardy! Round:

Patrick Erica Mark
$13,400 $9,000 $11,600

[wagering suggestions for these scores]

Final Jeopardy! Round responses

THE HISTORY OF FLIGHT
(Alex: Come on over here, Patrick Tucker.)
(Patrick: Thank you.)
(Alex: You are a finalist, and you to play again against these two tomorrow.)
[Patrick sighs]
(Eric: Eric Betts, Emory University.)
(Laura: Laura Myers, the University of Missouri.)
EricaWho are Jefferson & Monroe
$5,353
MarkWho are Jefferson and Monroe?
$10,098
PatrickWho are T. Jefferson & John Adams?
$9,801
John Adams & Thomas Jefferson

Final scores:

Patrick Erica Mark
$23,201 $3,647 $1,502
Finalist 2nd place: $10,000 3rd place: $10,000

Game dynamics:

Coryat scores:

Patrick Erica Mark
$12,600 $9,000 $10,600
21 R
(including 2 DDs),
3 W
17 R,
2 W
14 R
(including 1 DD),
2 W

Combined Coryat: $32,200

[game clues] [game scores] [suggest correction]

Game tape date: 2009-04-15
The J! Archive is created by fans, for fans. Scraping, republication, monetization, and malicious use prohibited; this site may use cookies and collect identifying information. See terms. The Jeopardy! game show and all elements thereof, including but not limited to copyright and trademark thereto, are the property of Jeopardy Productions, Inc. and are protected under law. This website is not affiliated with, sponsored by, or operated by Jeopardy Productions, Inc. Join the discussion at JBoard.tv.